000 00466nam a2200145Ia 4500
003 OSt
005 20260130145000.0
008 211028s2018 xx 000 0 und d
040 _cAIMIT LIBRARY
041 _aeng
100 _aBhat, Srinidhi S; D Souza, Rayan.
_g1616199
_97951
245 _aStudy on effects of change in markets on new product introduction of ace foods pvt ltd at Mangalore city /
260 _aMangalore
_bRayan D Souza.
_c2018
942 _2ddc
_cPRO
999 _c219519
_d219519